| 000 | 00373nam a22001217a 4500 | ||
|---|---|---|---|
| 999 |
_c523812 _d523812 |
||
| 008 | 230927b ||||| |||| 00| 0 eng d | ||
| 100 |
_aGanie, Mohd Hussain _940884 |
||
| 245 | _aAli Amjad (1924-2005): A forgotten communist activist and writer | ||
| 260 | _aSocial Scientist | ||
| 300 | _a51(5-6), May-Jun, 2023: p.53-68 | ||
| 773 | _aSocial Scientist | ||
| 942 | _cAR | ||